| 000 | 00510nam a22001937a 4500 | ||
|---|---|---|---|
| 003 | OSt | ||
| 005 | 20140310181942.0 | ||
| 008 | 130724t xxu||||| |||| 00| 0 eng d | ||
| 020 | _a1853261912 | ||
| 050 |
_aPR 6045.O72 _b.W913 1996 |
||
| 082 |
_aCLA W88m _b1996 |
||
| 100 |
_aWoolf, Virginia _93665 |
||
| 245 |
_aMrs Dalloway / _cVirginia Woolf. |
||
| 260 |
_aGreat Britain : _bWordsworth Classics, _cc1996. |
||
| 300 |
_a141 p. _c20 cm. |
||
| 541 | _j1 | ||
| 562 | _e1 | ||
| 942 |
_2lcc _cBBK _kCLA |
||
| 999 |
_c7692 _d7692 |
||